[Event "Niederoesterreichische Landesliga 2014/2015"]
[Site "NOE"]
[Date "2015.03.22"]
[Round "11"]
[Board "3"]
[White "Amberger, Dieter"]
[Black "Bachmayer, Josef"]
[Result "1-0"]
[WhiteElo "2086"]
[BlackElo "2076"]
[PlyCount "129"]
[EventDate "2014.10.05"]
[EventType "team"]
[EventRounds "11"]
[EventCountry "AUT"]
[WhiteTeam "SV Stockerau 2"]
[BlackTeam "SV Amstetten"]

1. d4 f5 2. g3 g6 3. Bg2 Bg7 4. Nf3 Nf6 5. O-O O-O 6. c4 d6 7. Nc3 c6 8. d5 c5
9. Qc2 Na6 10. Rd1 Rb8 11. a3 Nc7 12. b4 Ne4 13. Bb2 Nxc3 14. Bxc3 Bxc3 15.
Qxc3 b6 16. Rab1 Ba6 17. e3 Rc8 18. Rd2 Rf6 19. Rbd1 Qf8 20. h4 h6 21. a4 Kh7
22. b5 Bb7 23. a5 Rb8 24. Kf1 Qg7 25. Ke2 Rff8 26. Qa1 Qxa1 27. Rxa1 Ne8 28.
axb6 axb6 29. Rda2 Nf6 30. Nd2 Ra8 31. Ra7 Kg7 32. f3 Kf7 33. Bh3 Rxa7 34. Rxa7
Rb8 35. e4 e6 36. dxe6+ Kxe6 37. exf5+ gxf5 38. g4 Ke5 39. Ke3 f4+ 40. Kd3 d5
41. g5 hxg5 42. hxg5 Ne8 43. cxd5 Nd6 44. Bd7 Bxd5 45. Ra1 Nf5 46. Nc4+ Bxc4+
47. Kxc4 Rd8 48. Bc6 Ne3+ 49. Kc3 c4 50. Be4 Kd6 51. g6 Rd7 52. Rh1 Ke5 53. Rh7
Rd8 54. Rb7 Rg8 55. Rxb6 Nd5+ 56. Bxd5 Kxd5 57. Rf6 Ke5 58. Rc6 Kd5 59. Rxc4
Rxg6 60. Rxf4 Kc5 61. Rf5+ Kb6 62. Kb4 Rh6 63. f4 Rg6 64. Rf8 Rg4 65. Rf6+  1-0

[Event "Niederoesterreichische Landesliga 2014/2015"]
[Site "NOE"]
[Date "2015.03.22"]
[Round "11"]
[Board "4"]
[White "Wadsack, Wolfgang"]
[Black "Schmid, Thomas"]
[Result "1/2-1/2"]
[WhiteElo "2141"]
[BlackElo "2193"]
[PlyCount "85"]
[EventDate "2014.10.05"]
[EventType "team"]
[EventRounds "11"]
[EventCountry "AUT"]
[WhiteTeam "SV Amstetten"]
[BlackTeam "SV Stockerau 2"]

1. e4 c5 2. c3 d5 3. exd5 Qxd5 4. d4 Nf6 5. Nf3 Bg4 6. Be2 e6 7. h3 Bh5 8. Be3
cxd4 9. cxd4 Nc6 10. Nc3 Bb4 11. O-O Qd6 12. Nb5 Qd8 13. a3 Ba5 14. Rc1 O-O 15.
Ne5 Bxe2 16. Qxe2 Ne7 17. Nc4 Nfd5 18. Nbd6 Rb8 19. Nxa5 Qxd6 20. Nc4 Qa6 21.
Qf3 Rbc8 22. Ne5 Rxc1 23. Rxc1 Qb5 24. b4 f6 25. Nc4 Rc8 26. Nb2 Rxc1+ 27. Bxc1
Qc6 28. Qd1 Nf5 29. Kh2 Qc3 30. Na4 Qxd4 31. Qe2 Nc7 32. Nc5 Qd6+ 33. g3 b6 34.
Ne4 Qc6 35. Bb2 e5 36. Qd3 Qd5 37. Nxf6+ gxf6 38. Qxf5 Kg7 39. Bc1 Qe6 40. Qc2
Nb5 41. Be3 Qd7 42. Qe4 Nd4 43. Kg2  1/2-1/2

[Event "Niederoesterreichische Landesliga 2014/2015"]
[Site "NOE"]
[Date "2015.03.22"]
[Round "11"]
[Board "1"]
[White "Kleiser, Gregor"]
[Black "Vrana, Frantisek"]
[Result "0-1"]
[WhiteElo "2300"]
[BlackElo "2249"]
[PlyCount "58"]
[EventDate "2014.10.05"]
[EventType "team"]
[EventRounds "11"]
[EventCountry "AUT"]
[WhiteTeam "SGM Voest Krems"]
[BlackTeam "SV Mistelbach"]

1. d4 d5 2. c4 c6 3. cxd5 cxd5 4. Bf4 Nc6 5. Nc3 Nf6 6. e3 a6 7. Rc1 Bf5 8. Nf3
e6 9. Be2 Ne4 10. O-O Nxc3 11. Rxc3 Bb4 12. Rxc6 bxc6 13. Qa4 Qb6 14. Ne5 O-O
15. Nxc6 a5 16. a3 Rfc8 17. Rc1 Bf8 18. Bb5 f6 19. Qb3 Bg6 20. a4 Be8 21. Qc2
Bxc6 22. Bxc6 Ra6 23. Bb5 Rxc2 24. Rxc2 Ra8 25. Bc7 Qb7 26. Bd7 Kf7 27. f4 Qb3
28. Rc3 Qd1+ 29. Kf2 Bb4  0-1

[Event "Niederoesterreichische Landesliga 2014/2015"]
[Site "NOE"]
[Date "2015.03.22"]
[Round "11"]
[Board "2"]
[White "Hofmann, Thomas"]
[Black "Woeber, Friedrich"]
[Result "1-0"]
[WhiteElo "2195"]
[BlackElo "2165"]
[PlyCount "79"]
[EventDate "2014.10.05"]
[EventType "team"]
[EventRounds "11"]
[EventCountry "AUT"]
[WhiteTeam "SV Mistelbach"]
[BlackTeam "SGM Voest Krems"]

1. e4 e5 2. Nf3 Nc6 3. Bc4 Nf6 4. Ng5 d5 5. exd5 Nd4 6. c3 b5 7. Bf1 Nxd5 8.
cxd4 Qxg5 9. Bxb5+ Kd8 10. Qf3 exd4 11. O-O Nf4 12. Qxa8 Qxb5 13. Na3 Ne2+ 14.
Kh1 Ng3+ 15. hxg3 Qxf1+ 16. Kh2 Bd6 17. Qf3 Re8 18. d3 f6 19. Nc2 Ba6 20. Be3
Qxd3 21. Nxd4 Qe4 22. Nf5 Qxf3 23. gxf3 Be5 24. Nxg7 Re7 25. Rd1+ Kc8 26. Nf5
Re6 27. Rd2 Bb7 28. f4 Bd6 29. Nxd6+ cxd6 30. f5 Re5 31. g4 Ra5 32. Rxd6 Rxa2
33. Rxf6 Rxb2 34. Bxa7 Rb4 35. Kg3 Bd5 36. Rf8+ Kd7 37. Rh8 Rb7 38. Rxh7+ Ke8
39. Rh8+ Kf7 40. Bd4  1-0

[Event "Niederoesterreichische Landesliga 2014/2015"]
[Site "NOE"]
[Date "2015.03.22"]
[Round "11"]
[Board "3"]
[White "Bukacek, Emil"]
[Black "Teuber, Andreas"]
[Result "0-1"]
[WhiteElo "2181"]
[BlackElo "2176"]
[PlyCount "54"]
[EventDate "2014.10.05"]
[EventType "team"]
[EventRounds "11"]
[EventCountry "AUT"]
[WhiteTeam "SGM Voest Krems"]
[BlackTeam "SV Mistelbach"]

1. e4 e5 2. Nf3 Nf6 3. d3 Nc6 4. Be2 d5 5. Nbd2 Bc5 6. c3 O-O 7. b4 Bd6 8. O-O
Ne7 9. Re1 Ng6 10. g3 c6 11. Bf1 Re8 12. a3 h6 13. Bg2 Be6 14. Nf1 Qd7 15. h4
Rad8 16. Qc2 Bb8 17. Bb2 Ng4 18. N1h2 Nxh2 19. Kxh2 f5 20. exd5 Bxd5 21. c4
Bxf3 22. Bxf3 Nxh4 23. Bh5 g6 24. Be2 e4 25. dxe4 fxe4 26. Rad1 Qf5 27. Kg1 Qh3
 0-1

[Event "Niederoesterreichische Landesliga 2014/2015"]
[Site "NOE"]
[Date "2015.03.22"]
[Round "11"]
[Board "4"]
[White "Wolfram, Bernd"]
[Black "Luncescu, Christian"]
[Result "1/2-1/2"]
[WhiteElo "2228"]
[BlackElo "2193"]
[PlyCount "81"]
[EventDate "2014.10.05"]
[EventType "team"]
[EventRounds "11"]
[EventCountry "AUT"]
[WhiteTeam "SV Mistelbach"]
[BlackTeam "SGM Voest Krems"]

1. c4 Nf6 2. g3 c6 3. Nf3 g6 4. b3 Bg7 5. Bb2 d5 6. Bg2 O-O 7. O-O Bf5 8. d3 h6
9. Nbd2 g5 10. Re1 Na6 11. a3 Bh7 12. b4 Nc7 13. e4 dxe4 14. dxe4 Ne6 15. h3 a5
16. Qb3 axb4 17. axb4 Qb6 18. c5 Qc7 19. Be5 Qc8 20. Rxa8 Qxa8 21. Ra1 Qc8 22.
Qe3 Qd7 23. Ra7 Rd8 24. Bc3 Qc8 25. Ne5 Qb8 26. Ra2 Nd7 27. Nec4 Ne5 28. Nb6
Nd7 29. Ndc4 Nxb6 30. Nxb6 Bxc3 31. Qxc3 Nd4 32. Qe3 Kg7 33. f4 f6 34. Nc4 Bg8
35. Bf1 Bxc4 36. Bxc4 e5 37. Rf2 Rf8 38. Kg2 Qe8 39. Ra2 Qb8 40. Rf2 Qe8 41.
Ra2  1/2-1/2

[Event "Niederoesterreichische Landesliga 2014/2015"]
[Site "NOE"]
[Date "2015.03.22"]
[Round "11"]
[Board "1"]
[White "Wagner, Stefan"]
[Black "Weiss, Christian"]
[Result "1/2-1/2"]
[WhiteElo "2121"]
[BlackElo "2382"]
[PlyCount "97"]
[EventDate "2014.10.05"]
[EventType "team"]
[EventRounds "11"]
[EventCountry "AUT"]
[WhiteTeam "Litschau/Eisgarn"]
[BlackTeam "Schachklub Mostarrichi"]

1. c4 e5 2. g3 Nc6 3. Bg2 f5 4. Nc3 Nf6 5. d3 Bb4 6. Bd2 d6 7. e3 O-O 8. Nge2
Be6 9. Nd5 Bxd2+ 10. Qxd2 Qd7 11. O-O Rae8 12. b3 b6 13. Nxf6+ Rxf6 14. d4 Bf7
15. dxe5 Nxe5 16. Nd4 c5 17. Ne2 Rh6 18. Nf4 Kf8 19. Nd5 Bxd5 20. Qxd5 Ng4 21.
h4 Rf6 22. Rad1 Qf7 23. Qxf7+ Kxf7 24. Rd2 Ke7 25. a3 g6 26. Rfd1 Rd8 27. b4
Ne5 28. Bd5 Rff8 29. b5 Nd7 30. f3 Ne5 31. a4 Rd7 32. a5 h6 33. axb6 axb6 34.
Ra1 Kf6 35. Kf2 g5 36. hxg5+ hxg5 37. Ra6 Rb8 38. f4 gxf4 39. exf4 Ng4+ 40. Kf3
Re7 41. Re2 Rxe2 42. Kxe2 Kg6 43. Ra7 Nf6 44. Kd3 Rh8 45. Bf7+ Kh6 46. Be6 Kg6
47. Bf7+ Kh6 48. Be6 Kg6 49. Bf7+  1/2-1/2

[Event "Niederoesterreichische Landesliga 2014/2015"]
[Site "NOE"]
[Date "2015.03.22"]
[Round "11"]
[Board "2"]
[White "Steiner, Heinz"]
[Black "Plasil, Jiri"]
[Result "1-0"]
[WhiteElo "2108"]
[BlackElo "2120"]
[PlyCount "107"]
[EventDate "2014.10.05"]
[EventType "team"]
[EventRounds "11"]
[EventCountry "AUT"]
[WhiteTeam "Schachklub Mostarrichi"]
[BlackTeam "Litschau/Eisgarn"]

1. c4 e5 2. Nc3 Nc6 3. g3 d6 4. Bg2 g6 5. e3 Bg7 6. Nge2 Nf6 7. d4 O-O 8. O-O
exd4 9. exd4 Bf5 10. a3 a5 11. h3 Re8 12. Kh2 Rb8 13. Bg5 Ne7 14. Qd2 Be6 15.
d5 Bd7 16. Rad1 b6 17. Nd4 Kh8 18. Rfe1 Neg8 19. Ncb5 h6 20. Be3 Qc8 21. Na7
Qa6 22. Nac6 Rbc8 23. Qc1 Kh7 24. b4 Ne7 25. b5 Qa8 26. g4 Bxc6 27. bxc6 Neg8
28. Qc2 Re7 29. Nb5 Rce8 30. Bd2 Qd8 31. Bf3 Rxe1 32. Rxe1 Rxe1 33. Bxe1 Ne8
34. Kg2 Qe7 35. Bd2 Be5 36. Be4 Kg7 37. f4 Bf6 38. Qd3 Qf8 39. Kg3 Bd8 40. h4
Ne7 41. Bc3+ Kg8 42. g5 h5 43. f5 Nxf5+ 44. Bxf5 gxf5 45. Qxf5 Qe7 46. Qf3 Ng7
47. Kg2 Qf8 48. Bd4 Kh7 49. Nc3 Kg8 50. Ne4 Be7 51. Nf6+ Bxf6 52. gxf6 Qe8 53.
fxg7 Qe1 54. Qe3  1-0

[Event "Niederoesterreichische Landesliga 2014/2015"]
[Site "NOE"]
[Date "2015.03.22"]
[Round "11"]
[Board "3"]
[White "Popelka, Oldrich"]
[Black "Eder, Andreas"]
[Result "1-0"]
[WhiteElo "2080"]
[BlackElo "1959"]
[PlyCount "179"]
[EventDate "2014.10.05"]
[EventType "team"]
[EventRounds "11"]
[EventCountry "AUT"]
[WhiteTeam "Litschau/Eisgarn"]
[BlackTeam "Schachklub Mostarrichi"]

1. c4 e5 2. Nc3 Bb4 3. Qc2 Nc6 4. e3 Nf6 5. Bd3 b6 6. Nge2 Bb7 7. a3 Bf8 8. O-O
g6 9. b4 Bg7 10. Bb2 d6 11. f4 O-O 12. Rac1 Qd7 13. Nd5 Rac8 14. Nec3 Nxd5 15.
Nxd5 Ne7 16. Nxe7+ Qxe7 17. f5 Qh4 18. c5 bxc5 19. bxc5 Rb8 20. Ba1 dxc5 21.
fxg6 hxg6 22. Rf2 Rbd8 23. Bb5 Rd5 24. Bc4 Rd6 25. Qb3 Rb6 26. Rxf7 Rxf7 27.
Bxf7+ Kf8 28. Qc4 Qxc4 29. Bxc4 Rd6 30. Rf1+ Rf6 31. Bc3 Rxf1+ 32. Kxf1 Ke7 33.
d3 Kd6 34. Kf2 Bc6 35. Bf7 g5 36. e4 Bh6 37. Bd2 Ke7 38. Bc4 Bd7 39. Be3 Kd6
40. h4 Be8 41. hxg5 Bf8 42. Bg8 Bg6 43. Ke2 Kc6 44. Bc4 Kb6 45. Kd2 Bd6 46. Kc3
Be7 47. Be6 Bd6 48. Kc4 c6 49. Bc1 Be7 50. Kb3 Kb5 51. Bb2 Bd6 52. Bc3 a5 53.
Bc4+ Kb6 54. Ka4 Bh5 55. Bxa5+ Kb7 56. Bd8 Bd1+ 57. Bb3 Be2 58. g6 Bf8 59. Bf6
Bh6 60. g7 Bxd3 61. Bd1 Bc4 62. Bxe5 Bd2 63. Bg3 Bh6 64. Bf2 Kb6 65. g8=Q Bxg8
66. Be1 Bg7 67. Ba5+ Ka6 68. Be2+ c4 69. Bb4 Bd4 70. Be7 c5 71. Bg4 Bf7 72. Bd7
c3 73. Bb5+ Kb7 74. Bd3 Kc6 75. g4 Be3 76. Bf6 Bd2 77. g5 Be1 78. e5 Kd5 79.
Kb3 Kd4+ 80. e6+ Kxd3 81. exf7 c4+ 82. Ka2 c2 83. Bb2 c3 84. f8=Q cxb2 85. Qd6+
Kc3 86. Qe5+ Kd2 87. Qd4+ Kc1 88. Qe3+ Kd1 89. Kxb2 Bf2 90. Qf3+  1-0

[Event "Niederoesterreichische Landesliga 2014/2015"]
[Site "NOE"]
[Date "2015.03.22"]
[Round "11"]
[Board "4"]
[White "Ehs, Christian"]
[Black "Ptacnik, Pavel"]
[Result "0-1"]
[WhiteElo "1984"]
[BlackElo "2015"]
[PlyCount "70"]
[EventDate "2014.10.05"]
[EventType "team"]
[EventRounds "11"]
[EventCountry "AUT"]
[WhiteTeam "Schachklub Mostarrichi"]
[BlackTeam "Litschau/Eisgarn"]

1. c4 Nf6 2. Nc3 e6 3. e4 d5 4. e5 d4 5. exf6 dxc3 6. bxc3 Qxf6 7. Nf3 c5 8.
Bd3 Bd7 9. Be4 Bc6 10. Bxc6+ Nxc6 11. O-O Bd6 12. d4 O-O 13. Bg5 Qg6 14. Be3
Qh5 15. g3 Rfd8 16. Ng5 Qg6 17. Qf3 Be7 18. h4 cxd4 19. cxd4 Bf6 20. Rab1 Rd7
21. d5 Ne5 22. Qe2 exd5 23. cxd5 h6 24. Bf4 Rxd5 25. Rxb7 hxg5 26. hxg5 Nd3 27.
Qf3 Nxf4 28. gxf4 Rdd8 29. Qg4 Rd4 30. Rb3 Rad8 31. Rh3 Rd3 32. f3 Rd1 33. Rxd1
Rxd1+ 34. Kg2 Qc2+ 35. Kg3 Rg1+  0-1

[Event "Niederoesterreichische Landesliga 2014/2015"]
[Site "NOE"]
[Date "2015.03.22"]
[Round "11"]
[Board "2"]
[White "Ganaus, Hannes"]
[Black "Schmidrathner, Christian"]
[Result "1-0"]
[WhiteElo "2322"]
[BlackElo "2075"]
[PlyCount "81"]
[EventDate "2014.10.05"]
[EventType "team"]
[EventRounds "11"]
[EventCountry "AUT"]
[WhiteTeam "SK Advisory Invest Baden 2"]
[BlackTeam "SG Bisamberg/Korneuburg"]

1. Nf3 Nf6 2. b3 g6 3. Bb2 d6 4. d4 Bg7 5. g3 O-O 6. Bg2 c5 7. d5 b5 8. O-O
Nbd7 9. Nfd2 Rb8 10. c4 Nb6 11. Na3 bxc4 12. Ndxc4 Nxc4 13. Nxc4 a5 14. Bc3 Ra8
15. Qd2 Bh3 16. Bxf6 Bxf6 17. Bxh3 Bxa1 18. Rxa1 a4 19. Rc1 axb3 20. axb3 Ra6
21. e4 Qa8 22. Qc3 Rb8 23. Bf1 Ra2 24. Ne3 Qb7 25. Bc4 Rba8 26. e5 Qb8 27. exd6
Qxd6 28. Ng4 f6 29. Re1 h5 30. Re6 Qxe6 31. Nh6+ Kg7 32. dxe6 Kxh6 33. Qe3+ g5
34. Qxc5 R8a7 35. Qc6 Ra1+ 36. Kg2 g4 37. Qe8 f5 38. Bd3 R1a5 39. Qf7 h4 40.
gxh4 g3 41. h5  1-0

[Event "Niederoesterreichische Landesliga 2014/2015"]
[Site "NOE"]
[Date "2015.03.22"]
[Round "11"]
[Board "3"]
[White "Wetscherek, Gerhard"]
[Black "Juenger, Heinz"]
[Result "1/2-1/2"]
[WhiteElo "2077"]
[BlackElo "2117"]
[PlyCount "52"]
[EventDate "2014.10.05"]
[EventType "team"]
[EventRounds "11"]
[EventCountry "AUT"]
[WhiteTeam "SG Bisamberg/Korneuburg"]
[BlackTeam "SK Advisory Invest Baden 2"]

1. e4 e5 2. Nf3 Nc6 3. Bc4 Bc5 4. c3 Nf6 5. d4 exd4 6. e5 d5 7. Bb5 Ne4 8. cxd4
Bb6 9. h3 O-O 10. O-O Bf5 11. Bxc6 bxc6 12. Be3 c5 13. Nc3 cxd4 14. Nxd4 Nxc3
15. bxc3 Bd7 16. Qd2 Qe7 17. Rfe1 c5 18. Nb3 Bc6 19. Bg5 Qd7 20. Qf4 h6 21. Bh4
d4 22. Rad1 Qd5 23. Qg4 Bd7 24. Qf4 Bc6 25. Qg4 Bd7 26. Qf4 Bc6  1/2-1/2

[Event "Niederoesterreichische Landesliga 2014/2015"]
[Site "NOE"]
[Date "2015.03.22"]
[Round "11"]
[Board "4"]
[White "Herndlbauer, Martin"]
[Black "Grand, Michael"]
[Result "1-0"]
[WhiteElo "2110"]
[BlackElo "1819"]
[PlyCount "61"]
[EventDate "2014.10.05"]
[EventType "team"]
[EventRounds "11"]
[EventCountry "AUT"]
[WhiteTeam "SK Advisory Invest Baden 2"]
[BlackTeam "SG Bisamberg/Korneuburg"]

1. d4 d5 2. c4 e6 3. Nc3 Nf6 4. cxd5 exd5 5. Bg5 Be7 6. e3 O-O 7. Bd3 c6 8. Qc2
h6 9. Bh4 Be6 10. Nge2 a5 11. O-O Na6 12. a3 Nd7 13. Bxe7 Qxe7 14. Rfd1 c5 15.
dxc5 Naxc5 16. Nd4 Nxd3 17. Qxd3 Ne5 18. Qb5 Rfd8 19. b3 Ng4 20. h3 Nf6 21. a4
Rd7 22. Rac1 Qd8 23. Qd3 Ne4 24. Nxe6 fxe6 25. Nxe4 Qh4 26. Nc5 Rf7 27. f3 Rxf3
28. gxf3 Qg3+ 29. Kf1 Rf8 30. f4 g5 31. Nd7  1-0